header

Atlas of health in Europe (Record no. 72085)

MARC details
000 -LEADER
fixed length control field 01301nam a2200289Ia 4500
245 00 - TITLE STATEMENT
Title Atlas of health in Europe
260 ## - PUBLICATION, DISTRIBUTION, ETC. (IMPRINT)
Place of publication [Copenhagen] :
Name of publisher WHO,
Year of publication c2003.
300 ## - PHYSICAL DESCRIPTION
Number of Pages viii, 123 p. :
Other physical details ill., maps.
500 ## - GENERAL NOTE
General note " ... basic data on populations, births, deaths, life expectancy and diseases, lifestyle and environmental indicators such as drinking, smoking and traffic accidents, and types and levels of health care."
650 #0 - SUBJECT ADDED ENTRY--TOPICAL TERM
Topical Term Health status indicators
Topical Term Medical care
Topical Term Diseases
Topical Term Health
856 40 - ELECTRONIC LOCATION AND ACCESS
Uniform Resource Identifier http://site.ebrary.com/lib/rucke/Doc?id=10047456

No items available.

© 2026 Rongo University
Contact us: librarian | system librarian | Rongo university